000 00685cam a2200205 a 4500
020 _a0440507030
050 0 0 _aRG186
_b.M22 1997
100 1 _aMaas, Paula.
245 1 4 _aThe MEND clinic guide to natural medicine for menopause and beyond /
_cby Paula Maas, Susan E. Brown, and Nancy Bruning.
260 _aNew York :
_bDell Publ.,
_cc1997.
300 _axiii, 338 p. :
500 _a"A Lynn Sonberg book."
650 0 _xPopular works.
650 0 _xComplications
_xAlternative treatment.
650 0 _xHealth and hygiene.
700 1 _aBrown, Susan E.,
700 1 _aBruning, Nancy.
856 4 2 _uhttp://www.loc.gov/catdir/description/random044/96005709.html
942 _2lcc
_cGEN
999 _c7710
_d7710